| 000 | 00790pam a2200253 a 4500 | ||
|---|---|---|---|
| 001 | 1387817 | ||
| 003 | NUST - PNEC | ||
| 005 | 20170116180942.0 | ||
| 008 | 820323s1983 nyua b 001 0 eng | ||
| 010 | _a 82006544 | ||
| 020 | _a0023252405 | ||
| 040 |
_aDLC _cDLC _dDLC |
||
| 050 | 0 | 0 |
_aTK5101 _b.C69 1983 |
| 082 | 0 | 0 | _a621.380413 COU |
| 100 | 1 | _aCouch, Leon W. | |
| 245 | 1 | 0 |
_aDigital and analog communication systems / _cLeon W. Couch II. |
| 260 |
_aNew York : _bMacmillan ; _aLondon : _bCollier Macmillan, _cc1983. |
||
| 300 |
_axxv, 563 p. : _bill. ; _c24 cm. |
||
| 504 | _aIncludes bibliographical references and index. | ||
| 650 | 0 | _aTelecommunication systems. | |
| 650 | 0 | _aDigital communications. | |
| 906 |
_a7 _bcbc _corignew _d1 _eocip _f19 _gy-gencatlg |
||
| 942 |
_2ddc _cBK |
||
| 999 |
_c66186 _d66186 |
||